000
00297nam a22001337a 4500
008
170710b xxu||||| |||| 00| 0 eng d
020
_a
/0122270231
041
_a
eng
080
_a
05
100
_a
23
101
_a
ENC
245
_a
ENCYCLOPEDIA OF REPRODUCTION
_c
KNOBIL.E
942
_2
udc
_c
BK
999
_c
20138
_d
20138